Personal Freedoms under Ongoing Transition from Totalitarianism to Democracy: The Case of Bulgarian Judiciary

Tranzitívny proces bývalých socialistických štátov a Bulharska. Ústavné princípy verzus jasné pravidlá. Hra s občianskymi právami - úloha súdnictva a sudcov. Príklady potvrdzovania a odmietania základných ľudských práv. Obmedzovanie ekonomický a iných práv a slobôd. Kriminalizácia slobody obchodných...

Ausführliche Beschreibung

Gespeichert in:
Bibliographische Detailangaben
1. Verfasser: Bregov, Ivan
Format: Buchkapitel
Sprache:Englisch
Schlagworte:
Tags: Tag hinzufügen
Keine Tags, Fügen Sie das erste Tag hinzu!

MARC

LEADER 00000nla a2200000 4500
001 0246318
005 20220801090626.9
041 0 |a eng 
044 |a PL 
245 1 0 |a Personal Freedoms under Ongoing Transition from Totalitarianism to Democracy: The Case of Bulgarian Judiciary  |c Ivan Bregov 
520 |a Tranzitívny proces bývalých socialistických štátov a Bulharska. Ústavné princípy verzus jasné pravidlá. Hra s občianskymi právami - úloha súdnictva a sudcov. Príklady potvrdzovania a odmietania základných ľudských práv. Obmedzovanie ekonomický a iných práv a slobôd. Kriminalizácia slobody obchodných zmlúv. 
610 2 0 |a sloboda 
610 2 0 |a politika 
610 2 0 |a krajiny tranzitívne 
610 2 0 |a demokracia 
610 2 0 |a demokratizácia 
610 2 0 |a totalitarizmus 
610 2 0 |a práva ľudské 
610 2 0 |a občania 
610 2 0 |a sloboda ekonomická 
610 2 0 |a súdy 
610 2 0 |a sudcovia 
610 2 0 |a súdnictvo 
610 2 0 |a ústava 
610 2 0 |a zákony 
610 2 0 |a právo 
610 2 0 |a štát 
610 2 0 |a nezávislosť 
610 2 0 |a Bulharsko 
100 1 |a Bregov, Ivan